000 00459nam a2200181Ia 4500
001 9979
005 20260306161758.0
008 260306t2018||||xx |||||||||||||| ||spa||
041 _aESP
082 _aPE 869.56
_bH84
100 _aHuancachoque Nieto, Roosvelts Juan
_eAUT
245 0 _aLa caída del imperio inca:
_buna novela dorada
260 _c2018
300 _a317 páginas :
_c19 cm.
650 _aGEN
654 _aCHU
942 _cLIB
_dJUS
_fJUS
_2ddc
_n
999 _c9979
_d9979